[Event "Bryansk Zilberstein Memorial 6th"]
[Site "Bryansk"]
[Date "2024.06.07"]
[Round "3"]
[White "Alekseev, Maksim A"]
[Black "Zakhartsov, Vladimir"]
[Result "0-1"]
[WhiteElo "1940"]
[BlackElo "2507"]
[PlyCount "78"]
[EventDate "2024.06.07"]
[EventType "swiss (rapid)"]
[EventRounds "11"]
[EventCountry "RUS"]
[SourceTitle "CBM 220 Extra"]
[Source "ChessBase"]
[SourceDate "2024.07.31"]
[SourceVersion "1"]
[SourceVersionDate "2024.07.31"]
[SourceQuality "1"]

1. Nf3 g6 2. c4 Bg7 3. Nc3 d6 4. g3 Nf6 5. Bg2 0-0 6. 0-0 Nc6 7. d3 Bd7 8. Rb1 Qc8 9. Re1 a6 10. b4 Bh3 11. b5 Bxg2 12. Kxg2 axb5 13. cxb5 Nd8 14. Qc2 c5 15. Bg5 e6 16. e4 b6 17. e5 dxe5 18. Nxe5 Qb7+ 19. Kg1 Nd5 20. Nxd5 Qxd5 21. Bxd8 Bxe5 22. Bxb6 Bd4 23. a4 h5 24. Re4 f5 25. Rh4 f4 26. Rxf4 Rxf4 27. gxf4 Qd6 28. a5 Qxf4 29. Qe2 Rf8 30. Qxe6+ Kh7 31. Qe2 Qg5+ 32. Kf1 Qh4 33. f3 Qh3+ 34. Ke1 Rxf3 35. Kd1 Re3 36. Qxe3 Qxe3 37. Rb3 Qg1+ 38. Ke2 Qf2+ 39. Kd1 Be3 0-1